Classement des poids légers de l'UFC - Statistiques

Statistiques générales
  • Ce quiz a été pris 1 347 fois
    124 depuis la dernière actualisation
  • Le résultat moyen est 13 sur 16
Statistiques - réponses
Hint Réponse % Correct
CHAMP Islam Makhachev
98%
#13 Benoit Saint-Denis
97%
#2 Charles Oliveira
96%
#5 Dustin Poirier
95%
#1 Arman Tsarukyan
94%
#4 Max Holloway
93%
#3 Justin Gaethje
85%
#10 Renato Moicano
81%
#8 Paddy Pimblett
80%
#9 Beneil Dariush
75%
#12 Michael Chandler
75%
#7 Mateusz Gamrot
74%
#6 Dan Hooker
72%
#11 Rafael Fiziev
68%
#15 Joel Alvarez
38%
#14 Grant Dawson
36%
Aucun quiz correspondant
Distribution des résultats
% des personnes avec chaque résultat
Percentile par nombre de réponses
Votre historique - résultats
Vous n’avez pas pris ce quiz depuis la dernière actualisation